Provincias Aleatorias de Argentina - Estadísticas

Estadísticas generales
  • Esta prueba ha sido intentada 802 veces
    801 desde el último reinicio
  • La puntuación promedio es 4 de 5
Respuestas en el mapa
Las respuestas están codificadas por una escala verde-roja en el mapa de la prueba según el % correcto abajo.
 
Estadísticas de respuestas
Provincia % Correcto
Buenos Aires
98%
Jujuy
98%
Entre Ríos
96%
Misiones
96%
Santa Fe
95%
Córdoba
94%
Formosa
94%
Salta
93%
Chubut
92%
Mendoza
92%
Tierra del Fuego
92%
Corrientes
91%
La Pampa
90%
Santa Cruz
89%
Neuquén
88%
Chaco
87%
Catamarca
86%
Tucumán
86%
San Juan
85%
Rio Negro
83%
Santiago del Estero
82%
San Luis
80%
La Rioja
73%
No se encontraron pruebas coincidentes
Distribución de puntuación
Porcentaje de gente con cada puntuación
Porcentaje por número respondido
Historial de tus puntuaciones
No has intentado esta prueba desde el último reinicio